| 000 | 00691nam a22002177a 4500 | ||
|---|---|---|---|
| 999 |
_c13106 _d13106 |
||
| 003 | MIRAKIL | ||
| 005 | 20190329112720.0 | ||
| 008 | 190329b tu ||||| |||| 00| 0 tur d | ||
| 020 | _a9786052952580 | ||
| 040 |
_aTR-AnCHP _cTR-AnCHP |
||
| 041 | _atur | ||
| 082 |
_a843.7 _bB24s 2017 |
||
| 100 | _aBalzac, Honoré de | ||
| 245 | 1 | 0 |
_aSarrasine / _cHonoré de Balzac ; çeviren Ali Berktay. |
| 260 |
_aİstanbul : _bTürkiye İş Bankası Kültür Yayınları, _c2017. |
||
| 300 |
_a66 s.: _c22 sm. |
||
| 490 | 0 |
_aTürkiye İş Bankası Kültür Yayınları; _vgenel yayın: 4010. |
|
| 650 | 0 |
_95051 _aFransız Edebiyatı _xRoman |
|
| 700 | 1 |
_91592 _aBerktay, Ali _eçev. |
|
| 942 |
_2ddc _cBKS |
||